Popular Indian Languages - Statistics

General Stats
  • This quiz has been taken 49 times
    38 since last reset
  • The average score is 7 of 10
Answer Stats
Hint Answer % Correct
Starts with an H and is spoken very often in areas of Uttar Pradesh Hindi
100%
One of the main languages in Sri Lanka and is spoken in Tamil Nadu Tamil
97%
Spoken in the state of West Bengal and one of the main languages of the state Assam Bengali
94%
The official language of Bangalore, India and starts with a K and ends with an A Kannada
79%
Starts with M and one of the most popular languages in territories and nations of India Marathi
79%
A language spoken in areas of Kerala, India and starts with M and ends with an M Malayalam
76%
Spoken in the state of Andhra Pradesh and the language had 96M speakers in 2022 Telugu
70%
A language spoken in the Adivasi tribe of the Indian subcontinent and used in ancient times Sanskrit
61%
The official language of Goa and spoken in many other states in India Konkani
52%
A not very well known language but starts with a B and has a very complex alphabet Blihi
6%
No matching quizzes found
Score Distribution
Percent of People with Each Score
Percentile by Number Answered
Your Score History
You have not taken this quiz since the last reset